The message in the haunted mansion / Carolyn ... Read More
Available copies
- 0 of 1 copy available at LARL/NWRL Consortium.
Current holds
0 current holds with 1 total copy.
Show Only Available Copies
| Location | Call Number / Copy Notes | Barcode | Shelving Location | Status | Due Date |
|---|---|---|---|---|---|
| Roseau Public Library | j KEE (Text) | 35500006541328 | Main | Checked out | 06/25/2026 |
Record details
- ISBN: 0671872052
- ISBN: 9780671872052
- ISBN: 0743419375
- ISBN: 9780743419376
- Physical Description: 154 pages ; 19 cm.
- Publisher: New York : Pocket Books, ©1994.
Content descriptions
| Summary, etc.: | When Nancy and her friends, plus the housekeeper, ... Read More |
Search for related items by subject
| Subject: | Detective and mystery stories. Detective and mystery stories. Mystery & detective stories. Mystery and detective stories. |
| Genre: | Ghost stories. Detective and mystery fiction. Fiction. Young adult works. Mystery fiction. Young adult fiction. Mystery fiction > Juvenile. Detective and mystery fiction. Ghost stories. |
Search for related items by series
| LDR | 02478cam a2200565Ia 4500 | ||
|---|---|---|---|
| 001 | 383438 | ||
| 003 | LARL_NWRL_CONSORTIUM | ||
| 005 | 20220118184836.0 | ||
| 008 | 941128s1994 nyu j 000 1 eng d | ||
| 010 | . | ‡a 2011487155 | |
| 040 | . | ‡aOCO ‡beng ‡cOCO ‡dSLC ‡dOCLCQ ‡dBAKER ‡dBTCTA ‡dGRR ‡dDAD ‡dJCH ‡dYDXCP ‡dOCLCF ‡dOCLCQ ‡dOCLCO ‡dOCL ‡dDLC ‡dCHY ‡dOCL ‡dLKC ‡dPX9 ‡dS#L ‡dOCLCO ‡dJDP ‡dOCL ‡dNRG | |
| 019 | . | ‡a48112926 ‡a646590610 | |
| 020 | . | ‡a0671872052 ‡q(pbk.) | |
| 020 | . | ‡a9780671872052 ‡q(pbk.) | |
| 020 | . | ‡a0743419375 | |
| 020 | . | ‡a9780743419376 | |
| 035 | . | ‡a(OCoLC)31524401 ‡z(OCoLC)48112926 ‡z(OCoLC)646590610 | |
| 082 | 4. | ‡a122 | |
| 049 | . | ‡aNRGA | |
| 100 | 1 | . | ‡aKeene, Carolyn. ‡0(LARL_NWRL_CONSORTIUM)58935 |
| 245 | 1 | 4. | ‡aThe message in the haunted mansion / ‡cCarolyn Keene. |
| 260 | . | ‡aNew York : ‡bPocket Books, ‡c©1994. | |
| 300 | . | ‡a154 pages ; ‡c19 cm. | |
| 336 | . | ‡atext ‡btxt ‡2rdacontent | |
| 337 | . | ‡aunmediated ‡bn ‡2rdamedia | |
| 338 | . | ‡avolume ‡bnc ‡2rdacarrier | |
| 490 | 0 | . | ‡aNancy Drew mystery stories ; ‡v122 |
| 520 | 0 | . | ‡aWhen Nancy and her friends, plus the housekeeper, visit San Francisco, they visit a Victorian home in various stages of renovation. Mysterious and spooky things start to happen and it's up to Nancy, George and Bess to discover whether old spirits want their home left alone or the legend of gold on the property is true. |
| 650 | 0. | ‡aDetective and mystery stories. ‡0(LARL_NWRL_CONSORTIUM)18458 | |
| 650 | 7. | ‡aDetective and mystery stories. ‡2fast ‡0(LARL_NWRL_CONSORTIUM)18458 | |
| 650 | 7. | ‡aMystery & detective stories. ‡2sears | |
| 650 | 1. | ‡aMystery and detective stories. ‡0(LARL_NWRL_CONSORTIUM)176113 | |
| 655 | 7. | ‡aGhost stories. ‡2fast | |
| 655 | 7. | ‡aDetective and mystery fiction. ‡2fast | |
| 655 | 7. | ‡aFiction. ‡2fast | |
| 655 | 7. | ‡aYoung adult works. ‡2fast | |
| 655 | 7. | ‡aMystery fiction. ‡2gsafd | |
| 655 | 7. | ‡aYoung adult fiction. ‡2lcsh | |
| 655 | 7. | ‡aMystery fiction ‡vJuvenile. ‡2local | |
| 655 | 7. | ‡aDetective and mystery fiction. ‡2lcgft | |
| 655 | 7. | ‡aGhost stories. ‡2lcgft | |
| 905 | . | ‡ubacont | |
| 901 | . | ‡a383438 ‡b ‡c383438 ‡tbiblio ‡soclc | |

Add to basket
Permalink
Disable Highlighting